<?xml version="1.0" encoding="UTF-8"?>
<collection xmlns="http://www.loc.gov/MARC21/slim">
 <record>
  <leader>00870pamaa2200265   4500</leader>
  <controlfield tag="001">0000054618</controlfield>
  <controlfield tag="005">20180219090000.0</controlfield>
  <controlfield tag="007">  Monograph</controlfield>
  <controlfield tag="008">180219s2016     eng</controlfield>
  <datafield tag="020" ind1=" " ind2=" ">
   <subfield code="a">9781680801231 (hardvover) </subfield>
  </datafield>
  <datafield tag="040" ind1=" " ind2=" ">
   <subfield code="a">OCLC</subfield>
  </datafield>
  <datafield tag="090" ind1="0" ind2="0">
   <subfield code="a">E807.1.R48 </subfield>
   <subfield code="b">HAN 2016</subfield>
  </datafield>
  <datafield tag="100" ind1="1" ind2=" ">
   <subfield code="a">Hansen, Grace </subfield>
  </datafield>
  <datafield tag="245" ind1="1" ind2="4">
   <subfield code="a">Eleanor Roosevelt : </subfield>
   <subfield code="b">First Lady &amp; Equal Rights Advocate  </subfield>
   <subfield code="c">Grace Hansen.</subfield>
  </datafield>
  <datafield tag="250" ind1=" " ind2=" ">
   <subfield code="a">1st ed..</subfield>
  </datafield>
  <datafield tag="264" ind1=" " ind2="4">
   <subfield code="c">c2016.</subfield>
  </datafield>
  <datafield tag="264" ind1=" " ind2="1">
   <subfield code="a">Minnesota: </subfield>
   <subfield code="b">Abdo Publishing, </subfield>
   <subfield code="c">2016.</subfield>
  </datafield>
  <datafield tag="300" ind1=" " ind2=" ">
   <subfield code="a">24p: </subfield>
   <subfield code="b">Color Photographs; </subfield>
   <subfield code="c">234m.</subfield>
  </datafield>
  <datafield tag="336" ind1=" " ind2=" ">
   <subfield code="a">text</subfield>
   <subfield code="2">rdacontent</subfield>
  </datafield>
  <datafield tag="500" ind1=" " ind2=" ">
   <subfield code="a">Leadership Collection</subfield>
  </datafield>
  <datafield tag="504" ind1=" " ind2=" ">
   <subfield code="a">Includes bibliographical references</subfield>
  </datafield>
  <datafield tag="650" ind1=" " ind2="0">
   <subfield code="a">United States </subfield>
  </datafield>
  <datafield tag="650" ind1=" " ind2="0">
   <subfield code="a">President's spouses -- </subfield>
   <subfield code="x">Biography -- </subfield>
   <subfield code="y">Juvenile literature -- </subfield>
   <subfield code="z">United States </subfield>
  </datafield>
  <datafield tag="650" ind1=" " ind2="0">
   <subfield code="a">Roosevelt, Eleanor, 1884-1962 -- </subfield>
   <subfield code="x">Juvenile literature </subfield>
  </datafield>
  <datafield tag="856" ind1="4" ind2="2">
   <subfield code="u">www.abdopublishing.com</subfield>
  </datafield>
 </record>
</collection>
